Normal view MARC view

Entry Personal Name

Number of records used in: 1

001 - CONTROL NUMBER

  • control field: 78607

003 - CONTROL NUMBER IDENTIFIER

  • control field: OSt

005 - DATE AND TIME OF LATEST TRANSACTION

  • control field: 20230328095537.0

008 - FIXED-LENGTH DATA ELEMENTS

  • fixed length control field: 230328|| aca||aabn | a|a d

040 ## - CATALOGING SOURCE

  • Original cataloging agency: OSt
  • Transcribing agency: OSt

100 ## - HEADING--PERSONAL NAME

  • Personal name: ROUSSEAU (Ronald W)

670 ## - SOURCE DATA FOUND

  • Source citation: Work cat.: (OSt)154254: ROUSSEAU (Ronald W)., Handbook of separation process technology., 2009